| 000 | 00573nam a2200181 i 4500 | ||
|---|---|---|---|
| 001 | 28198 | ||
| 003 | ES-MaACL | ||
| 005 | 20230906153806.0 | ||
| 007 | t| | ||
| 008 | 030116s1968 sp ||||1| spa d | ||
| 100 | 1 |
_aBaldassari, Tommaso. _924875 |
|
| 245 | 1 | 0 |
_aFruticultura industrial con la nueva palmeta / _cTommaso Baldassari ; versión, Alejandro Acerete Lavilla. |
| 260 |
_aMadrid : _bMundi-Prensa, _c1968. |
||
| 300 |
_a137 p. : _bil. ; _c22 cm. |
||
| 700 | 1 |
_aAcerete Lavilla, Alejandro, _918223 |
|
| 852 |
_aES-MaACL _jC-47409 _bR.67423 |
||
| 999 |
_c28198 _d28198 |
||